| 000 | 00520nam a22001697a 4500 | ||
|---|---|---|---|
| 005 | 20251127122126.0 | ||
| 008 | 251124b |||||||| |||| 00| 0 eng d | ||
| 020 | _a978-81-19613-33-5 | ||
| 041 | _aeng | ||
| 082 | _a610.28 ROH-H | ||
| 100 |
_a ROHIL, PRO. VISHWAJEET. 2- BHADRA, DR. JAYEETA AND AGGARWAL. DR JUHI _98774 |
||
| 245 | _aHANDBOOK OF GOOD CLINICAL LABORATORY PRACTICE [GCLP] | ||
| 260 |
_aNEW DELHI _bINNOVATIVE PUBLICATION PVT.LTD _c2024 |
||
| 300 | _a111'P | ||
| 650 |
_aPHARMACY _xB.PHARMA |
||
| 942 | _cBK | ||
| 999 |
_c8949 _d8947 |
||